Digital image processing : PIKS inside
Đã lưu trong:
| Hovedforfatter: | |
|---|---|
| Format: | Bog |
| Sprog: | Undetermined |
| Udgivet: |
Daver, MA
John Wiley & Sons
2001
|
| Fag: | |
| Tags: |
Tilføj Tag
Ingen Tags, Vær først til at tagge denne postø!
|
| Thư viện lưu trữ: | Trung tâm Học liệu Trường Đại học Cần Thơ |
|---|
| LEADER | 00508nam a2200193Ia 4500 | ||
|---|---|---|---|
| 001 | CTU_70538 | ||
| 008 | 210402s9999 xx 000 0 und d | ||
| 082 | |a 006.6 | ||
| 082 | |b P917 | ||
| 100 | |a Pratt, William K. | ||
| 245 | 0 | |a Digital image processing : | |
| 245 | 0 | |b PIKS inside | |
| 245 | 0 | |c William K. Pratt | |
| 260 | |a Daver, MA | ||
| 260 | |b John Wiley & Sons | ||
| 260 | |c 2001 | ||
| 650 | |a Digital image processing | ||
| 904 | |i Minh | ||
| 980 | |a Trung tâm Học liệu Trường Đại học Cần Thơ | ||